<?xml version="1.0" encoding="UTF-8"?>
<collection xmlns="http://www.loc.gov/MARC21/slim">
<record>
  <controlfield tag="001">961988</controlfield>
  <controlfield tag="005">20230722040227.0</controlfield>
  <datafield tag="150" ind1=" " ind2=" ">
    <subfield code="a">
Model2Life- Modellbasierte Systemauslegung für 2nd-Life-Nutzungsszenarien von mobilen Batteriesystemen
</subfield>
    <subfield code="y">2021-01-01 - 2023-12-31</subfield>
  </datafield>
  <datafield tag="856" ind1="4" ind2=" ">
    <subfield code="u">
https://foerderportal.bund.de/foekat/jsp/SucheAction.do?actionMode=view=03XP0334
</subfield>
    <subfield code="w">b</subfield>
  </datafield>
  <datafield tag="909" ind1="C" ind2="O">
    <subfield code="o">oai:juser.fz-juelich.de:1009387</subfield>
    <subfield code="p">authority:GRANT</subfield>
    <subfield code="p">authority</subfield>
  </datafield>
  <datafield tag="450" ind1=" " ind2=" ">
    <subfield code="a">BMBF 03XP0334</subfield>
    <subfield code="w">d</subfield>
    <subfield code="y">2021-01-01 - 2023-12-31</subfield>
  </datafield>
  <datafield tag="980" ind1=" " ind2=" ">
    <subfield code="a">G</subfield>
  </datafield>
  <datafield tag="980" ind1=" " ind2=" ">
    <subfield code="a">AUTHORITY</subfield>
  </datafield>
  <datafield tag="024" ind1="7" ind2=" ">
    <subfield code="2">BMBF</subfield>
    <subfield code="a">G:(BMBF)03XP0334</subfield>
    <subfield code="d">03XP0334</subfield>
  </datafield>
  <datafield tag="510" ind1="1" ind2=" ">
    <subfield code="0">I:(DE-588b)5309538-8</subfield>
    <subfield code="a">Bundesministerium für Bildung und Forschung</subfield>
    <subfield code="b">BMBF</subfield>
  </datafield>
  <datafield tag="035" ind1=" " ind2=" ">
    <subfield code="a">G:(BMBF)03XP0334</subfield>
  </datafield>
  <datafield tag="909" ind1="C" ind2="O">
    <subfield code="o">oai:juser.fz-juelich.de:1009387</subfield>
  </datafield>
</record>
</collection>